Developmet of Web based GIS Alert System for Informing Environment Risk of Dengue Infections in Major Cities of Pakistan / (Record no. 608218)
[ view plain ]
| 000 -LEADER | |
|---|---|
| fixed length control field | 00467nam a22001337a 4500 |
| 082 ## - DEWEY DECIMAL CLASSIFICATION NUMBER | |
| Classification number | 005.1,ZAI |
| 100 ## - MAIN ENTRY--PERSONAL NAME | |
| Personal name | Zainab, Naureen |
| 9 (RLIN) | 35415 |
| 245 ## - TITLE STATEMENT | |
| Title | Developmet of Web based GIS Alert System for Informing Environment Risk of Dengue Infections in Major Cities of Pakistan / |
| Statement of responsibility, etc. | Naureen Zainab |
| 260 ## - PUBLICATION, DISTRIBUTION, ETC. | |
| Place of publication, distribution, etc. | Rawalpinid |
| Name of publisher, distributor, etc. | MCS - NUST, |
| Date of publication, distribution, etc. | 2014 |
| 300 ## - PHYSICAL DESCRIPTION | |
| Extent | 87 p. ; 30cm |
| 650 ## - SUBJECT ADDED ENTRY--TOPICAL TERM | |
| Topical term or geographic name entry element | Computer Science-MS-Thesis |
| 9 (RLIN) | 16114 |
| 700 ## - ADDED ENTRY--PERSONAL NAME | |
| Personal name | Dr, Fahim Arif |
| 9 (RLIN) | 20941 |
| 942 ## - ADDED ENTRY ELEMENTS (KOHA) | |
| Source of classification or shelving scheme | |
| Koha item type | Thesis |
| Withdrawn status | Lost status | Source of classification or shelving scheme | Damaged status | Not for loan | Permanent Location | Current Location | Shelving location | Date acquired | Total Checkouts | Full call number | Barcode | Date last seen | Price effective from | Koha item type |
|---|---|---|---|---|---|---|---|---|---|---|---|---|---|---|
| Military College of Signals (MCS) | Military College of Signals (MCS) | Thesis | 02/26/2024 | 005.1,ZAI | MCSTCS-322 (A) | 02/26/2024 | 02/26/2024 | Thesis |
